000 00379nam a2200145 i 4500
001 88274
003 ES-MaACL
005 20230906175829.0
007 t|
008 050104s1906 ve ||||1| spa d
100 1 _aLameda, Juan Bautista.
_969834
245 1 0 _aReligión y patria /
_cJuan Bautista Lameda.
260 _aCaracas :
_b[s.n.],
_c1906.
852 _aES-MaACL
_jT-1084-F-2
999 _c88274
_d88274